000 00816nam a2200241Ia 4500
003 OSt
005 20220923213216.0
006 a|||||r|||| 00| 0
007 ta
008 220922b |||||||| |||| 00| 0 hin d
024 _a159,891
037 _cTextual
040 _aARTS
_cARTS
_bhin
041 _2hin
_ahin
082 _aO152,3:g, L3
100 _aसहगल, मनमोहन, संपा.
245 0 _aहिन्दी उपन्यास के पद चिन्ह
246 _aHindī upanyās ke pad chinha
260 _aदिल्ली
_b सूर्य प्रकाशन
_c1973
650 _aहिन्दी साहित्य
_9156264
942 _hO152,3:g, L3
_cTEXL
_2CC
999 _c314638
_d314638